ბათუმის შოთა რუსთაველის სახელმწიფო უნივერსიტეტის ბიბლიოთეკა

Экология Человека. (ბიბ.ჩანაწერი № 35059)

000 -LEADER
fixed length control field 00643nam a2200229Ia 4500
001 - CONTROL NUMBER
control field 899
003 - CONTROL NUMBER IDENTIFIER
control field GE_BSU
008 - FIXED-LENGTH DATA ELEMENTS--GENERAL INFORMATION
fixed length control field 181216s||||||||xx |||||||||||||| ||und||
020 ## - INTERNATIONAL STANDARD BOOK NUMBER
International Standard Book Number 5691008447
040 ## - CATALOGING SOURCE
Transcribing agency GE_BSU
080 ## - UNIVERSAL DECIMAL CLASSIFICATION NUMBER
Universal Decimal Classification number 504(075.8)
100 ## - MAIN ENTRY--PERSONAL NAME
Personal name Губарева, Л.И; Мизирева,О.М;Чурилова, Т.М;
245 ## - TITLE STATEMENT
Title Экология Человека.
245 ## - TITLE STATEMENT
Remainder of title Практикум для вузов.
260 ## - PUBLICATION, DISTRIBUTION, ETC.
Place of publication, distribution, etc. Москва
260 ## - PUBLICATION, DISTRIBUTION, ETC.
Name of publisher, distributor, etc. Гуманит.изд.центр.ВЛАДОС.
260 ## - PUBLICATION, DISTRIBUTION, ETC.
Date of publication, distribution, etc. 2005
300 ## - PHYSICAL DESCRIPTION
Extent 112 с.
653 ## - INDEX TERM--UNCONTROLLED
Uncontrolled term Экология Человека
942 ## - ADDED ENTRY ELEMENTS (KOHA)
Koha item type წიგნი
ეგზემპლარები
Withdrawn status Lost status Damaged status Not for loan Date acquired Barcode Date last seen Price effective from Koha item type
        2018-12-17 1967 2018-12-17 2018-12-17 წიგნი